Personal history (Record no. 922)

000 -LEADER
fixed length control field 03695nam a22009017a 4500
001 - CONTROL NUMBER
control field 4888946
003 - CONTROL NUMBER IDENTIFIER
control field LIBRIS
005 - DATE AND TIME OF LATEST TRANSACTION
control field 20210426104228.0
008 - FIXED-LENGTH DATA ELEMENTS--GENERAL INFORMATION
fixed length control field 011211s1997 xxu|||||||||||000 0|eng|c
020 ## - INTERNATIONAL STANDARD BOOK NUMBER
International Standard Book Number 0394585852
040 ## - CATALOGING SOURCE
Original cataloging agency eng
Description conventions eng
Language of cataloging eng
Transcribing agency DLC
041 ## - LANGUAGE CODE
Language code of text/sound track or separate title eng
080 ## - UNIVERSAL DECIMAL CLASSIFICATION NUMBER
Universal Decimal Classification number 92
Item number G-71
082 #4 - DEWEY DECIMAL CLASSIFICATION NUMBER
Classification number 070.5
Item number 092
Edition number 21
082 #4 - DEWEY DECIMAL CLASSIFICATION NUMBER
Classification number 070.5
Item number 092
Edition number 21
084 ## - OTHER CLASSIFICATION NUMBER
Classification number Lz Graham, Katharine
Number source kssb/6
084 ## - OTHER CLASSIFICATION NUMBER
Classification number Bt-qaza Washington Post
Number source kssb/6
084 ## - OTHER CLASSIFICATION NUMBER
Classification number Bt-qa.5
Number source kssb/6
084 ## - OTHER CLASSIFICATION NUMBER
Classification number Lz Graham, Katharine
Number source kssb/6
084 ## - OTHER CLASSIFICATION NUMBER
Classification number Bt-qa.5
Number source kssb/6
084 ## - OTHER CLASSIFICATION NUMBER
Classification number Bt-qaz Washington Post
Number source kssb/6
084 ## - OTHER CLASSIFICATION NUMBER
Classification number Lz Graham, Katharine
Number source kssb/6
084 ## - OTHER CLASSIFICATION NUMBER
Classification number Bt-qaz Washington Post
Number source kssb/6
084 ## - OTHER CLASSIFICATION NUMBER
Classification number Bt-qa.5
Number source kssb/6
084 ## - OTHER CLASSIFICATION NUMBER
Classification number L
Number source kssb
084 ## - OTHER CLASSIFICATION NUMBER
Classification number Lz Graham, Katharine
Number source kssb/6
084 ## - OTHER CLASSIFICATION NUMBER
Classification number Lz Graham, Katharine
Number source kssb/6
084 ## - OTHER CLASSIFICATION NUMBER
Classification number Bt-qaz Washington Post
Number source kssb/6
084 ## - OTHER CLASSIFICATION NUMBER
Classification number Bt-qa.5
Number source kssb/6
084 ## - OTHER CLASSIFICATION NUMBER
Classification number Lz Graham, Katharine
Number source kssb/6
084 ## - OTHER CLASSIFICATION NUMBER
Classification number Bt-qaza Washington Post
Number source kssb/6
084 ## - OTHER CLASSIFICATION NUMBER
Classification number Bt-qa.5
Number source kssb/6
100 1# - MAIN ENTRY--PERSONAL NAME
Personal name Graham, Katharine
245 00 - TITLE STATEMENT
Title Personal history
Statement of responsibility, etc. Katharine Graham.
Remainder of title / by: Alfred A. Knopf
250 ## - EDITION STATEMENT
Edition statement 1st edition
260 ## - PUBLICATION, DISTRIBUTION, ETC.
Place of publication, distribution, etc. New York
Name of publisher, distributor, etc. Alfred A. Knopf
Date of publication, distribution, etc. 1997
264 #1 - PRODUCTION, PUBLICATION, DISTRIBUTION, MANUFACTURE, AND COPYRIGHT NOTICE
Place of production, publication, distribution, manufacture New York
Name of producer, publisher, distributor, manufacturer Alfred A. Knopf
Date of production, publication, distribution, manufacture, or copyright notice 1997
300 ## - PHYSICAL DESCRIPTION
Extent ix, 642 p., 32 pl.-s.
Other physical details ill.
365 ## - TRADE PRICE
Price amount 29.95 usd
600 10 - SUBJECT ADDED ENTRY--PERSONAL NAME
Personal name Graham, Katharine,
Dates associated with a name 1917-
600 14 - SUBJECT ADDED ENTRY--PERSONAL NAME
Personal name Graham, Katharine
610 24 - SUBJECT ADDED ENTRY--CORPORATE NAME
Corporate name or jurisdiction name as entry element Washington Post
610 #4 - SUBJECT ADDED ENTRY--CORPORATE NAME
Subordinate unit Washington Post
610 24 - SUBJECT ADDED ENTRY--CORPORATE NAME
Corporate name or jurisdiction name as entry element Washington Post
630 00 - SUBJECT ADDED ENTRY--UNIFORM TITLE
Uniform title Washington post
650 #0 - SUBJECT ADDED ENTRY--TOPICAL TERM
Topical term or geographic name entry element Newspaper publishing
Geographic subdivision Washington (D.C.)
General subdivision History
Chronological subdivision 20th century
650 #0 - SUBJECT ADDED ENTRY--TOPICAL TERM
Topical term or geographic name entry element Biography
9 (RLIN) 237
650 #0 - SUBJECT ADDED ENTRY--TOPICAL TERM
Topical term or geographic name entry element Publishers and publishing
Geographic subdivision United States
General subdivision Biography
650 #4 - SUBJECT ADDED ENTRY--TOPICAL TERM
Topical term or geographic name entry element Washington post
653 #0 - INDEX TERM--UNCONTROLLED
Uncontrolled term ბიოგრაფია
655 #4 - INDEX TERM--GENRE/FORM
Authority record control number or standard number https://id.kb.se/marc/NotFictionNotFurtherSpecified
887 ## - NON-MARC INFORMATION FIELD
Content of non-MARC field {"@id":"j1tlkx0v0xc6lwl","modified":"2018-10-30T23:00:00+01:00","checksum":"51390033600"}
Source of data librisxl
887 ## - NON-MARC INFORMATION FIELD
Content of non-MARC field {"@id":"04cqh5d5272bd1k","modified":"2017-11-30T13:41:23+01:00","checksum":"71902890943"}
Source of data librisxl
887 ## - NON-MARC INFORMATION FIELD
Content of non-MARC field {"@id":"djp9cphk1fxstnj","modified":"2017-09-18T13:24:50+02:00","checksum":"69926365629"}
Source of data librisxl
887 ## - NON-MARC INFORMATION FIELD
Content of non-MARC field {"@id":"fkqbdqjl40v7q21","modified":"2018-06-05T17:41:48.143+02:00","checksum":"67769821938"}
Source of data librisxl
887 ## - NON-MARC INFORMATION FIELD
Content of non-MARC field {"@id":"glrcfrkm4z5jhtk","modified":"2018-06-05T17:41:48.147+02:00","checksum":"76918522086"}
Source of data librisxl
887 ## - NON-MARC INFORMATION FIELD
Content of non-MARC field {"@id":"kpvgjvnq29n9lds","modified":"2018-06-05T17:41:48.15+02:00","checksum":"75993868957"}
Source of data librisxl
887 ## - NON-MARC INFORMATION FIELD
Content of non-MARC field {"@id":"mrxjlxqs37pgxxz","modified":"2018-06-05T17:41:48.156+02:00","checksum":"76299439996"}
Source of data librisxl
887 ## - NON-MARC INFORMATION FIELD
Content of non-MARC field {"@id":"lqx9x2nr348br2n","modified":"2012-02-03T08:47:56+01:00","checksum":"22867993190"}
Source of data librisxl
887 ## - NON-MARC INFORMATION FIELD
Content of non-MARC field {"@id":"lqwhkwpr0fqnj74","modified":"2018-06-05T17:41:48.153+02:00","checksum":"74129610530"}
Source of data librisxl
942 ## - ADDED ENTRY ELEMENTS (KOHA)
Source of classification or shelving scheme
Koha item type Books
Edition 1
Holdings
Withdrawn status Lost status Source of classification or shelving scheme Damaged status Not for loan Permanent location Current location Date acquired Inventory number Total Checkouts Full call number Barcode Date last seen Price effective from Koha item type
          Ken Walker International University Ken Walker International University 01/21/2021 2396   92 G-71 2396 01/21/2021 01/21/2021 Books

Powered by Koha